[Event "BCF-chT3E 2223 (4NCL)"]
[Site "England"]
[Date "2023.01.07"]
[Round "3.51"]
[White "Churavin, Andrey"]
[Black "Smith, Olivia"]
[Result "0-1"]
[WhiteElo "2134"]
[BlackElo "2054"]
[PlyCount "78"]
[EventDate "2022.11.05"]
[EventType "team-tourn"]
[EventRounds "11"]
[EventCountry "ENG"]
[SourceTitle "EXT 2024"]
[Source "ChessBase"]
[SourceDate "2023.10.10"]
[SourceVersion "1"]
[SourceVersionDate "2023.10.10"]
[SourceQuality "1"]
[WhiteTeam "Hull & East Riding Tigers"]
[BlackTeam "Rhyfelwyr Essyllwg"]
[WhiteTeamCountry "ENG"]
[BlackTeamCountry "ENG"]

1. d4 Nf6 2. Nf3 g6 3. c4 Bg7 4. Nc3 d6 5. Bg5 0-0 6. e3 Nc6 7. Be2 Bd7 8. 0-0 h6 9. Bh4 e5 10. h3 g5 11. dxe5 Nxe5 12. Nxe5 dxe5 13. Bg3 Qe7 14. Qb3 Bc6 15. Qc2 Rad8 16. a3 a5 17. Rac1 Rfe8 18. Rfd1 Qe6 19. Nb5 Rc8 20. Bd3 Qe7 21. Na7 Rb8 22. Nxc6 bxc6 23. c5 e4 24. Bc4 Nh5 25. b3 Kh8 26. Qe2 Nxg3 27. fxg3 f5 28. a4 Be5 29. Rf1 Rf8 30. Qh5 Kg7 31. g4 f4 32. h4 Rbd8 33. Rce1 fxe3 34. Rf5 Rxf5 35. gxf5 Qf6 36. Qg4 Bd4 37. Qxe4 Bxc5 38. Kh1 Rd4 39. Qe8 Rxh4+ 0-1

[Event "Hull 4NCL op"]
[Site "Hull"]
[Date "2022.10.15"]
[Round "3"]
[White "Gardiner, Eric D"]
[Black "Churavin, Andrey"]
[Result "1-0"]
[WhiteElo "1915"]
[BlackElo "2110"]
[PlyCount "49"]
[EventDate "2022.10.14"]
[EventType "swiss"]
[EventRounds "5"]
[EventCountry "ENG"]
[SourceTitle "CBM 210 Extra"]
[Source "ChessBase"]
[SourceDate "2022.11.30"]
[SourceVersion "1"]
[SourceVersionDate "2022.11.30"]
[SourceQuality "1"]

1. d4 f5 2. Bg5 g6 3. Nc3 Bg7 4. h4 Nf6 5. Qd2 h6 6. Bxf6 exf6 7. 0-0-0 d5 8. f3 c6 9. e4 fxe4 10. fxe4 h5 11. Kb1 0-0 12. Nf3 Na6 13. Bd3 Nb4 14. exd5 Nxd3 15. Qxd3 Bf5 16. Qc4 Kh7 17. dxc6 bxc6 18. Rhe1 Rb8 19. Ne4 Re8 20. Nc5 Qb6 21. b3 Qa5 22. Na6 Rbc8 23. Nc5 Qc7 24. Ne6 Qd6 25. Neg5+ 1-0

[Event "Ilkley op 1st"]
[Site "Ilkley"]
[Date "2022.09.17"]
[Round "3"]
[White "Surtees, Michael"]
[Black "Churavin, Andrey"]
[Result "1/2-1/2"]
[WhiteElo "2070"]
[BlackElo "2110"]
[PlyCount "52"]
[EventDate "2022.09.16"]
[EventType "swiss"]
[EventRounds "5"]
[EventCountry "ENG"]
[SourceTitle "EXT 2023"]
[Source "ChessBase"]
[SourceDate "2022.10.05"]
[SourceVersion "1"]
[SourceVersionDate "2022.10.05"]
[SourceQuality "1"]

1. e4 g6 2. d4 Bg7 3. c3 d6 4. Bg5 Nd7 5. Qd2 h6 6. Be3 Ngf6 7. f3 a6 8. a4 a5 9. Na3 c6 10. Rd1 Qc7 11. b3 Rb8 12. Nh3 Kf8 13. Nf2 Kg8 14. Be2 Kh7 15. 0-0 Re8 16. f4 d5 17. e5 Ne4 18. Nxe4 dxe4 19. c4 f5 20. h3 e6 21. c5 b6 22. Qc2 Re7 23. Nc4 Ba6 24. Rf2 Bxc4 25. Bxc4 Bf8 26. Rfd2 h5 1/2-1/2

[Event "ENG Chessable-ch Seniors 50+"]
[Site "Kenilworth"]
[Date "2022.05.08"]
[Round "7"]
[White "Portman, Carl S"]
[Black "Churavin, Andrey"]
[Result "0-1"]
[WhiteElo "1880"]
[BlackElo "2076"]
[PlyCount "104"]
[EventDate "2022.05.04"]
[EventType "swiss"]
[EventRounds "7"]
[EventCountry "ENG"]
[SourceTitle "CBM 208 Extra"]
[Source "ChessBase"]
[SourceDate "2022.07.31"]
[SourceVersion "1"]
[SourceVersionDate "2022.07.31"]
[SourceQuality "1"]

1. e4 c5 2. Nf3 e6 3. d4 cxd4 4. Nxd4 Nf6 5. Nc3 d6 6. Be2 a6 7. 0-0 Be7 8. Bf3 0-0 9. Re1 Qc7 10. Bg5 h6 11. Be3 Bd7 12. Qd2 Nc6 13. Nxc6 Bxc6 14. Bf4 Rfd8 15. h3 Bf8 16. Qe3 Nd7 17. g4 Ne5 18. Bxe5 dxe5 19. g5 g6 20. h4 hxg5 21. Qxg5 Qe7 22. Qg3 Qf6 23. h5 g5 24. Red1 Kh7 25. Kg2 Bh6 26. Rxd8 Rxd8 27. Rd1 g4 28. Rxd8 gxf3+ 29. Qxf3 Qxd8 30. Qxf7+ Kh8 31. Qxe6 Qg5+ 32. Kf1 Qxh5 33. Qf6+ Bg7 34. Qd8+ Kh7 35. Qe7 Qh1+ 36. Ke2 Bxe4 37. Nxe4 Qxe4+ 38. Kf1 Qc6 39. b3 Kg6 40. c4 Bf6 41. Qf8 Kf5 42. Qh6 Ke6 43. Qh3+ Kd6 44. Qc3 Kc7 45. a4 Kb8 46. Qg3 Qd6 47. Qg8+ Ka7 48. Qg3 Bd8 49. Qc3 Bb6 50. a5 Bd4 51. Qd2 Qa3 52. f4 Qa1+ 0-1

[Event "ENG Chessable-ch Seniors 50+"]
[Site "Kenilworth"]
[Date "2022.05.07"]
[Round "6"]
[White "Churavin, Andrey"]
[Black "Gibbs, Dominic V"]
[Result "1-0"]
[WhiteElo "2076"]
[BlackElo "1865"]
[PlyCount "41"]
[EventDate "2022.05.04"]
[EventType "swiss"]
[EventRounds "7"]
[EventCountry "ENG"]
[SourceTitle "CBM 208 Extra"]
[Source "ChessBase"]
[SourceDate "2022.07.31"]
[SourceVersion "1"]
[SourceVersionDate "2022.07.31"]
[SourceQuality "1"]

1. d4 f5 2. Nf3 Nf6 3. g3 g6 4. b3 Bg7 5. Bb2 0-0 6. Bg2 d6 7. 0-0 c6 8. Nbd2 Nbd7 9. c4 e5 10. dxe5 Ng4 11. Ba3 Ndxe5 12. Nxe5 Nxe5 13. Qc2 Be6 14. Rad1 Qe7 15. Nf3 Rad8 16. Rfe1 f4 17. Qd2 Nxf3+ 18. exf3 Be5 19. Rxe5 dxe5 20. Bxe7 Rxd2 21. Rxd2 1-0